La última expedición de Morelos /
Estudio histórico sobre la última expedición que llevó a cabo José María Morelos y Pavón, a finales de septiembre de 1815, cuando intentaba proteger y trasladar al Congreso de Apatzingán de la ciudad de Uruapan a Tehuacán, aunque fue capturado en la localidad de Temalaca, posteriormente llevado a la...
Gardado en:
| Autor Principal: | |
|---|---|
| Outros autores: | , |
| Formato: | Libro |
| Idioma: | Lingua castelá |
| Publicado: |
Aguascalientes, México :
Gobierno del Estado de Aguascalientes, Instituto Cultural de Aguascalientes,
2014, c2014
|
| Edición: | 2a edición |
| Temas: | |
| Etiquetas: |
Sen Etiquetas, Sexa o primeiro en etiquetar este rexistro!
|
MARC
| LEADER | 00000nam^a2200000^a^4500 | ||
|---|---|---|---|
| 001 | 000588861 | ||
| 005 | 20250521000000.0 | ||
| 009 | 20260310132838.188 | ||
| 020 | |a 978-607-7585-95-4 | ||
| 037 | |a Acervo ITESO - Biblioteca | ||
| 041 | |a ESP | ||
| 082 | |a 972. 0322 |b LEM | ||
| 100 | |a Lemoine, Ernesto |e (autor) | ||
| 245 | 1 | 3 | |a La última expedición de Morelos / |c E. Lemoine ; presen. de M.A. Osorio Chong ; introd. de C. Lozano de la Torre... [et al.]. |
| 250 | |a 2a edición | ||
| 264 | 4 | |a Aguascalientes, México : |b Gobierno del Estado de Aguascalientes, Instituto Cultural de Aguascalientes, |c 2014, c2014 | |
| 300 | |a 332 p. + |e 1 mapa | ||
| 336 | |a texto |b txt |2 rdacontenido | ||
| 337 | |a sin mediación |b n |2 rdamedio | ||
| 338 | |a volumen |b nc |2 rdasoporte | ||
| 520 | |a Estudio histórico sobre la última expedición que llevó a cabo José María Morelos y Pavón, a finales de septiembre de 1815, cuando intentaba proteger y trasladar al Congreso de Apatzingán de la ciudad de Uruapan a Tehuacán, aunque fue capturado en la localidad de Temalaca, posteriormente llevado a la capital mexicana y finalmente fusilado en Ecatepec el 22 de diciembre de ese año. La obra intenta mostrar que Morelos fue, a pesar de colaborar con el virrey Félix María Calleja en el tiempo de su aprehensión, un hombre cabal que antepuso el deber, incluso con los conflictos internos que se vivían en los grupos insurgentes. | ||
| 649 | |a XX | ||
| 650 | |a Independentistas Mexicanos | ||
| 650 | |a Revolucionarios Mexicanos | ||
| 650 | |a Políticos Mexicanos | ||
| 650 | |a México - |x Historia - |y Guerra de Independencia, 1810-1821 - |x Tema Principal | ||
| 650 | |a México - |x Historia - |y Epoca Colonial, 1517-1821 | ||
| 650 | |a México - |x Historia - |y Siglo XIX | ||
| 650 | |a Morelos y Pavón, José María - |x Tema Principal | ||
| 700 | |a Osorio Chong, Miguel Angel |e (presentación) | ||
| 700 | |a Lozano de la Torre, Carlos |e (introducción) | ||
| 910 | |a Fondo General | ||
| 920 | |a Impresos - Libros | ||
| 930 | |a Colección General | ||
| 905 | |a 101 | ||
| 901 | |a 0500338302 |b IT1 |c ACC |i C187171 |u 20250521 | ||
| 901 | |a 0500338299 |b IT2 |c FOL |i C187172 |u 20250521 | ||
| 902 | |a https://opac.biblio.iteso.mx/vufind/Record/000588861 | ||